Geography Quiz

Random Geography or City Quiz

Billionaire Cities Quiz Stats

Quiz Updated Jul 5, 2016

Challenge
Share
Tweet
Embed
Score 0/20 Timer 04:00
5 Plays Today
# of Billionaires: City: % Correct
95New York, United States
99%
21Los Angeles, United States
93.9%
50London, United Kingdom
90.2%
30Paris, France
84.8%
26Tokyo, Japan
79.4%
100Beijing, China
74.8%
66Moscow, Russia
71.2%
50Shanghai, China
55.7%
28San Francisco, United States
53.5%
64Hong Kong, China
52.1%
# of Billionaires: City: % Correct
27Singapore, Singapore
44.5%
46Shenzhen, China
41.1%
46Mumbai, India
39.1%
27Seoul, South Korea
35.9%
20New Delhi, India
32%
24Bangkok. Thailand
26.1%
24São Paulo, Brazil
25.5%
28Istanbul, Turkey
21%
28Taipei, Taiwan
16.9%
32Hangzhou, China
2.1%

You're not logged in!

Compare scores with friends on all Sporcle quizzes.
Sign Up with Email
OR
Log In

You Might Also Like...

Show Comments

Extras

Top Quizzes Today


Score Distribution

Your Account Isn't Verified!

In order to create a playlist on Sporcle, you need to verify the email address you used during registration. Go to your Sporcle Settings to finish the process.